Nouvelle histoire universelle de l'art / (Record no. 27493)
[ view plain ]
| 000 -LEADER | |
|---|---|
| campo de control de longitud fija | 00602nam a2200193 i 4500 |
| 001 - NÚMERO DE CONTROL | |
| campo de control | 27493 |
| 003 - IDENTIFICADOR DE NÚMERO DE CONTROL | |
| campo de control | ES-MaACL |
| 005 - FECHA Y HORA DE LA ÚLTIMA TRANSACCIÓN | |
| campo de control | 20250812024125.0 |
| 007 - CAMPO FIJO DE DESCRIPCIÓN FÍSICA--INFORMACIÓN GENERAL | |
| campo de control de longitud fija | t| |
| 008 - DATOS DE LONGITUD FIJA--INFORMACIÓN GENERAL | |
| campo de control de longitud fija | 030114s1932 fr ||||1| fre d |
| 100 1# - ENTRADA PRINCIPAL--NOMBRE DE PERSONA | |
| Nombre de persona | Aubert, Marcel. |
| 9 (RLIN) | 23799 |
| 245 10 - MENCIÓN DEL TÍTULO | |
| Título | Nouvelle histoire universelle de l'art / |
| Mención de responsabilidad, etc. | publiée sous la direction de Marcel Aubert ; préface d'Emilie Mâle. |
| 260 ## - PUBLICACIÓN, DISTRIBUCIÓN, ETC. | |
| Lugar de publicación, distribución, etc. | París : |
| Nombre del editor, distribuidor, etc. | Firmin Didot, |
| Fecha de publicación, distribución, etc. | 1932. |
| 300 ## - DESCRIPCIÓN FÍSICA | |
| Extensión | 2 v. : |
| Otras características físicas | il. ; |
| Dimensiones | 29 cm. |
| 650 04 - PUNTO DE ACCESO ADICIONAL DE MATERIA--TÉRMINO DE MATERIA | |
| Término de materia o nombre geográfico como elemento de entrada | Arte- |
| Subdivisión de forma | Historia |
| 9 (RLIN) | 10107 |
| 700 1# - ENTRADA AGREGADA--NOMBRE PERSONAL | |
| Nombre de persona | Mâle, Emile. |
| 9 (RLIN) | 75743 |
| 852 ## - LOCALIZACIÓN | |
| Ubicación | ES-MaACL |
| Número de control de estantería | A-1863-64 |
| Estatus retirado | Estado de pérdida | Estado de daño | No para préstamo | Biblioteca de origen | Biblioteca actual | Ubicación en estantería | Fecha de adquisición | Fuente de adquisición | Total de préstamos | Signatura topográfica completa | Código de barras | Visto por última vez | Precio de reemplazo | Tipo de ítem Koha |
|---|---|---|---|---|---|---|---|---|---|---|---|---|---|---|
| Biblioteca del Ateneo de Madrid | Biblioteca del Ateneo de Madrid | Sala Pecera Planta 1 | 17/01/2008 | A-1863-64 | 1028386 | 23/02/2023 | 23/02/2023 | Libro impreso |
